|
|
|
|
| LEADER |
00805cam a2200241 7i4500 |
| 001 |
0000036116 |
| 005 |
20190828090000.0 |
| 007 |
##ta |
| 008 |
190828 |
| 040 |
# |
# |
|a MATR
|
| 090 |
0 |
0 |
|a LESO 910 029496885
|b ECO
|
| 245 |
0 |
0 |
|a ECONET TELEPHONE DIRECTORY 2018.
|
| 246 |
1 |
# |
|a Telecom Lesotho telephone directory.
|
| 246 |
1 |
# |
|a Lesotho telephone, telefax directory.
|
| 264 |
# |
1 |
|a Maseru, Lesotho:
|b Brabys Publichers Lesotho,
|c 2018.
|
| 300 |
# |
# |
|a 160 pages:
|b illustrations;
|c 26 cm.
|
| 336 |
# |
# |
|a text
|2 rdacontent
|
| 337 |
# |
# |
|a unmediated
|2 rdamedia
|
| 338 |
# |
# |
|a volume
|2 rdacarrier
|
| 650 |
# |
0 |
|a Telephone --
|x Directories --
|z Lesotho
|
| 650 |
# |
0 |
|a Telefax --
|x Directories --
|z Lesotho
|
| 650 |
# |
0 |
|a Telex --
|x Directories --
|z Lesotho
|
| 999 |
|
|
|a 0000040349
|b Directories
|c Countries
|e Business Information Centre
|